LEADER 02102nam a2200325 4500 001 000000352219 003 CaOOAMICUS 005 20221111101007.0 008 221111s1757 it 000 u lat r 026 $e3634 I7I6 a-i- li&c (3) 1757 (R) 040 $aSeMil$bita 110 2 $aMinori Conventuali.$0(OLS)http://semarc/name/2465 245 10$aConstitutiones urbanae Ordinis fratrum minorum S. Francisci conventualium cum Apostolicae Sedis decretis ad eamdem religionem seraphicam pertinentibus jussu reverendissimi patris magistri Jo. Baptistae Constantio ... Editae & recentioribus Decretis locupletatae. 264 1$aVenetiis :$b[Marcellino Piotto],$c1757. 300 $a[16], 463, [1] p. :$bill. ;$c8° 500 $aIniz. e fregi xilogr. 500 $aSegn.: a? A-2F? 500 $aIl nome del tipografo, Marcellino Piotto, si ricava dalla licenza di stampa, a carta a8r, e dalla sottoscrizione xilografica inserita in vignetta xilografica (marca?) raffigurante due putti che reggono una corona di alloro con W all'interno, a carta a7r 500 $aInsegna dell'Ordine a carta B2r 500 $aTitolo dell'occhietto: Constitutiones urbanae Ordinis fratrum minorum S. Francisci conventualium 650 4$aFrancescani Conventuali - Regole e costituzioni.$0(OLS)http://semarc/subject/53124 700 11$aCostanzo, Giovanni Battista,$d.$0(OLS)http://semarc/name/19874 700 1 $aPiotto, Marcellino,$c.$0(OLS)http://semarc/name/116792 850 $aSeMil 852 $aSeMil$W1$xVenegono$y1$m3Z II 19 FA$j235260$B243397$CSeMilBibl$Z2$F243397 $8I 910 0 $aFrati minori conventuali. 996 $6245$aConstitutiones urbanae Ordinis fratrum minorum S. Francisci conventualium cum Apostolicae Sedis decretis ad eamdem religionem seraphicam pertinentibus jussu reverendissimi patris magistri Jo. Baptistae Constantio ... Editae & recentioribus Decretis locupletatae$9(OLS)http://semarc/title/442015 996 $6264$aVenetiis :$b[Marcellino Piotto]$9(OLS)http://semarc/publisher/60745 LEADER 01065nam a2200277 i 4500 001 000000114242 003 CaOOAMICUS 005 20100215000000.0 008 100215s1989 it u000 u ita u 013 $a86928 020 $a88-04-32319-1 040 $aSeMil$bita 245 10$aDetti segreti di Gesł /$ca cura di Luigi Moraldi. 260 $aMilano :$bA. Mondadori,$c1989. 300 $a236 p. ;$c19 cm. 490 0 $aUomini e religioni ;$v42 500 $aContiene : Bibliografia. - Fondo Card. C.M. Martini. 650 4$aLetteratura apoftegmatica - Antologie.$0(OLS)http://semarc/subject/20792 830 0$aUomini e religioni ;$v42.$0(OLS)http://semarc/title/8364 850 $aSeMil 852 $aSeMil$W1$xVenegono$y1$m2X I 463$j69826$B69826$CSeMilBibl$Z2$F148044 $81 941 1 $a4 961 $aOmaggio: Martini Card. Carlo Maria 996 $6020$a88-04-32319-1$9(OLS)http://semarc/number/97456 996 $6245$aDetti segreti di Gesł$9(OLS)http://semarc/title/166920 996 $6260$aMilano :$bA. Mondadori$9(OLS)http://semarc/publisher/30308